<The> role of policymakers' reputation in the EMS disinflations. An empirical evaluation.
Vplyv EMS a vysokého protiinflačného renomé Nemeckej Bundesbanky na obmedzenie a konvergenciu inflácie - skúsenosti krajín EMS. Model empirického merania vplyvu renomé vládnych organizácií na obmedzovanie inflácie na príklade krajín EMS a kontrolnej skupiny nečlenských krajín EMS.
Salvato in:
| Autore principale: | |
|---|---|
| Natura: | Capitolo di libro |
| Lingua: | inglese |
| Soggetti: | |
| Tags: |
Nessun Tag, puoi essere il primo ad aggiungerne!!
|
MARC
| LEADER | 00000naa a2200000 4500 | ||
|---|---|---|---|
| 001 | r010939 | ||
| 005 | 20221130112831.8 | ||
| 041 | 0 | |a eng | |
| 044 | |a NL | ||
| 245 | 1 | 0 | |a <The> role of policymakers' reputation in the EMS disinflations. |b An empirical evaluation. |c A.A. Weber |
| 520 | |a Vplyv EMS a vysokého protiinflačného renomé Nemeckej Bundesbanky na obmedzenie a konvergenciu inflácie - skúsenosti krajín EMS. Model empirického merania vplyvu renomé vládnych organizácií na obmedzovanie inflácie na príklade krajín EMS a kontrolnej skupiny nečlenských krajín EMS. | ||
| 610 | 2 | 0 | |a Európa |
| 610 | 2 | 0 | |a inflácia |
| 610 | 2 | 0 | |a banky emisné |
| 610 | 2 | 0 | |a Bundesbank |
| 610 | 2 | 0 | |a Nemecko |
| 610 | 2 | 0 | |a politika finančná |
| 610 | 2 | 0 | |a modely |
| 610 | 2 | 0 | |a politika |
| 610 | 2 | 0 | |a Európsky menový systém |
| 610 | 2 | 0 | |a ARIMA |
| 100 | 1 | |a Weber, A.A. | |